| 000 | 00859nac a22002657a 4500 | ||
|---|---|---|---|
| 001 | BR9300894 | ||
| 003 | BR-BrBNA | ||
| 005 | 20240105121418.0 | ||
| 008 | 230509b bl.|||m| |||| 00| 0 por d | ||
| 040 |
_aBR-BrBNA _bpor _cBiblioteca Nacional de Agricultura |
||
| 072 | _aE16 | ||
| 090 | _a1160 BR9300894 | ||
| 100 | 1 | _aPessoa, P.F.A. de P. | |
| 100 | 1 | _aLima, L.A. de A. | |
| 100 | 1 | _aPimentel, C.R.M. | |
| 110 | 1 |
_aCentro Nacional de Pesquisa de Caju, Fortaleza, CE (Brasil) _91758 |
|
| 245 | 1 | _aEconomicidade de algumas tecnologias para a cultura do cajueiro | |
| 260 | 3 |
_aFortaleza, CE (Brasil): _c1992. |
|
| 300 | _a2 p. | ||
| 490 |
_aCaju Informativo - Centro Nacional de Pesquisa de Caju (Brazil) _vv. 5(1) _x |
||
| 650 | _aCaju | ||
| 650 | _aCusto de Producao | ||
| 909 |
_a202312 _bLúcia Elande _c55 _dLúcia Elande |
||
| 942 |
_2AGRIS _n0 _cMS |
||
| 999 |
_c285147 _d285147 |
||